[Event "III Festival A"]
[Site "Bisaccia ITA"]
[Date "2011.06.03"]
[Round "2"]
[White "Della Corte, Alessandro"]
[Black "Di Lascio, Savino"]
[Result "1-0"]
[WhiteElo "2253"]
[BlackElo "1976"]
[PlyCount "63"]
[EventDate "2011.06.02"]

1. Nf3 d5 2. d4 Bf5 3. c4 Bxb1 4. Rxb1 c6 5. Qb3 b6 6. cxd5 Qxd5 7. Qc2 Nf6 8.
e3 e6 9. a3 Be7 10. Bd3 h6 11. e4 Qd7 12. O-O O-O 13. Qe2 a5 14. Re1 Ra7 15. e5
Nd5 16. Qe4 f5 17. exf6 Nxf6 18. Qxe6+ Qxe6 19. Rxe6 Rd8 20. Bc4 Kh7 21. Bf4 b5
22. Bd3+ Kg8 23. Rbe1 Nd5 24. Bxb8 Rxb8 25. Rxc6 Nf4 26. Bf1 Rd7 27. g3 Nd5 28.
Bh3 Rdd8 29. Be6+ Kf8 30. Ne5 Nf6 31. Rc7 Nd5 32. Ng6+ 1-0

[Event "III Festival A"]
[Site "Bisaccia ITA"]
[Date "2011.06.03"]
[Round "2"]
[White "Di Rito, Giuseppe"]
[Black "Altini, Daniele"]
[Result "0-1"]
[WhiteElo "1693"]
[BlackElo "2256"]
[PlyCount "35"]
[EventDate "2011.06.02"]

1. e4 c5 2. Nf3 d6 3. d4 cxd4 4. Nxd4 Nf6 5. Nc3 g6 6. Bb5+ Bd7 7. O-O Bg7 8.
f4 Bxb5 9. Ndxb5 Nxe4 10. Nd5 Na6 11. c3 O-O 12. Qe2 f5 13. Qc4 e6 14. Ne3 d5
15. Qe2 Qb6 16. Rd1 g5 17. Kh1 gxf4 18. Nc2 0-1

[Event "III Festival A"]
[Site "Bisaccia ITA"]
[Date "2011.06.03"]
[Round "2"]
[White "Dragojlovic, Andjelko"]
[Black "Vena, Alessio"]
[Result "1-0"]
[WhiteElo "2367"]
[BlackElo "1899"]
[PlyCount "61"]
[EventDate "2011.06.02"]

1. Nf3 Nf6 2. g3 g6 3. Bg2 Bg7 4. O-O O-O 5. d3 d5 6. Nbd2 Nbd7 7. e4 e5 8.
exd5 Nxd5 9. Re1 c6 10. Nc4 Qc7 11. a4 b6 12. h4 Bb7 13. h5 Rfe8 14. hxg6 hxg6
15. Ng5 Nc5 16. Qg4 f6 17. Nf3 Ne7 18. d4 Bc8 19. Qh4 Nf5 20. Qh1 Kf7 21. dxc5
Rh8 22. Nh4 g5 23. Bxc6 gxh4 24. g4 Nd4 25. Bxa8 Bxg4 26. Bd5+ Ke7 27. cxb6
axb6 28. Be3 Nxc2 29. Bxb6 Qd7 30. Bc5+ Ke8 31. Bc6 1-0

[Event "III Festival A"]
[Site "Bisaccia ITA"]
[Date "2011.06.03"]
[Round "2"]
[White "Festa, Salvatore"]
[Black "Colucci, Stefano"]
[Result "0-1"]
[WhiteElo "1650"]
[BlackElo "1925"]
[PlyCount "155"]
[EventDate "2011.06.02"]

1. d4 Nf6 2. Bg5 d5 3. Bxf6 exf6 4. e3 Bd6 5. Nf3 O-O 6. Be2 Nd7 7. O-O Nb6 8.
Nbd2 Re8 9. c4 dxc4 10. Nxc4 Nxc4 11. Bxc4 c6 12. Re1 Qc7 13. g3 Bg4 14. Be2
Rad8 15. Rc1 Qa5 16. a3 Qh5 17. Nd2 Bxe2 18. Qxe2 Qxe2 19. Rxe2 f5 20. Nc4 Bc7
21. Rec2 g6 22. b4 a6 23. Nd2 Bd6 24. Nb3 Bf8 25. Nc5 Re7 26. Kg2 g5 27. Nd3
Bh6 28. Kf3 Rde8 29. Rc5 f4 30. gxf4 gxf4 31. Nxf4 Bxf4 32. Kxf4 Re4+ 33. Kf3
Rh4 34. Rg5+ Kf8 35. Rg2 Re6 36. Rcg1 Reh6 37. Rh1 Ke7 38. Ke2 R6h5 39. Ke1 a5
40. Ke2 axb4 41. Rb1 c5 42. dxc5 Rxc5 43. axb4 Rb5 44. Kf3 Rbxb4 45. Rxb4 Rxb4
46. Rg7 Rh4 47. Kg3 Rh6 48. Kf3 Rxh2 49. Rg4 Rh6 50. Rb4 b6 51. Kg4 Rg6+ 52.
Kf3 h5 53. Rb5 Rh6 54. Kg3 Kd7 55. Kh4 Kc6 56. Rf5 f6 57. e4 b5 58. e5 fxe5 59.
Rxe5 Rf6 60. Re2 Rf5 61. Kg3 b4 62. Re4 Kc5 63. f4 b3 64. Kf3 Rd5 65. Re8 Kd4
66. Rb8 Kc4 67. Ke4 Rb5 68. Rc8+ Rc5 69. Rb8 Kc3 70. f5 b2 71. f6 Rc7 72. Ke5
Kc2 73. f7 Rxf7 74. Rc8+ Kb1 75. Rh8 Ra7 76. Kd4 Ka1 77. Rxh5 b1=Q 78. Ra5+ 0-1

[Event "III Festival A"]
[Site "Bisaccia ITA"]
[Date "2011.06.02"]
[Round "2"]
[White "Fiore, Antonio"]
[Black "D'Aquino, Ugo"]
[Result "1-0"]
[WhiteElo "1742"]
[BlackElo "1941"]
[PlyCount "65"]
[EventDate "2011.06.02"]

1. d4 d5 2. c4 e6 3. Nc3 Nf6 4. Bg5 Be7 5. Nf3 Nbd7 6. cxd5 exd5 7. e3 O-O 8.
Qc2 c6 9. Bd3 h6 10. Bh4 Nh5 11. Bxe7 Qxe7 12. O-O Qd6 13. a3 Nhf6 14. b4 a5
15. Rab1 b6 16. e4 dxe4 17. Nxe4 Nxe4 18. Bxe4 Bb7 19. Rfc1 Rfc8 20. Qb2 b5 21.
Rc2 Qf4 22. Nd2 Nf6 23. Bf3 a4 24. Rbc1 Rd8 25. Bxc6 Bxc6 26. Rxc6 Rxd4 27. Nf3
Rd3 28. Rc8+ Rxc8 29. Rxc8+ Kh7 30. Qc2 Qf5 31. Rc5 Nd5 32. Ne5 Qxe5 33. Qxd3+
1-0

[Event "III Festival A"]
[Site "Bisaccia ITA"]
[Date "2011.06.03"]
[Round "2"]
[White "Franciosi, Fausto"]
[Black "Moscarino, Carlo"]
[Result "1-0"]
[WhiteElo "2054"]
[BlackElo "1622"]
[PlyCount "67"]
[EventDate "2011.06.02"]

1. d4 Nf6 2. c4 d6 3. Nc3 Nbd7 4. e4 e5 5. d5 g6 6. Nf3 Bg7 7. Be2 O-O 8. Bg5
Nc5 9. b4 Ncd7 10. Nd2 h6 11. Be3 g5 12. Rc1 Re8 13. c5 Nf8 14. cxd6 cxd6 15.
Nb5 Re7 16. Nxa7 Ng6 17. Bb6 Qxb6 18. Nxc8 Rxc8 19. Rxc8+ Kh7 20. g3 Qxb4 21.
Qc2 h5 22. O-O h4 23. Rb1 Qd4 24. Nf3 Qa7 25. Nxg5+ Kh6 26. Qd2 hxg3 27. hxg3
b6 28. Kg2 Nh4+ 29. gxh4 Kg6 30. h5+ Nxh5 31. Bxh5+ Kxh5 32. Rh1+ Kg6 33. Qe2
Qd7 34. Qh5+ 1-0

[Event "III Festival A"]
[Site "Bisaccia ITA"]
[Date "2011.06.03"]
[Round "2"]
[White "Kizov, Atanas"]
[Black "Messina, Enrico"]
[Result "1-0"]
[WhiteElo "2392"]
[BlackElo "2127"]
[PlyCount "61"]
[EventDate "2011.06.02"]

1. d4 c5 2. d5 e5 3. e4 d6 4. Nc3 Be7 5. Be2 Bg5 6. Bxg5 Qxg5 7. Nf3 Qd8 8. O-O
Ne7 9. Nd2 O-O 10. Nc4 a6 11. a4 f5 12. exf5 Bxf5 13. Bd3 Rf6 14. Bxf5 Nxf5 15.
Ne4 Rh6 16. Qg4 g6 17. g3 Nd7 18. Ncxd6 Nf6 19. Nxf6+ Qxf6 20. Ne4 Qb6 21. b3
Rf8 22. a5 Qd8 23. c4 Nd4 24. f3 Kh8 25. Nxc5 Qf6 26. Kg2 Nc2 27. Rae1 Nxe1+
28. Rxe1 e4 29. Qxe4 g5 30. Qe5 Qxe5 31. Rxe5 1-0

[Event "III Festival A"]
[Site "Bisaccia ITA"]
[Date "2011.06.03"]
[Round "2"]
[White "Lazic, Miroljub"]
[Black "Fezza, Davide"]
[Result "1-0"]
[WhiteElo "2471"]
[BlackElo "2141"]
[PlyCount "65"]
[EventDate "2011.06.02"]

1. g3 Nf6 2. Bg2 d6 3. d4 g6 4. e4 Bg7 5. Nc3 O-O 6. h3 e5 7. Nge2 Nc6 8. Be3
h6 9. Qd2 Kh7 10. Rd1 b6 11. O-O Ba6 12. Rfe1 Na5 13. b3 c6 14. f4 Qc7 15. g4
Rad8 16. Ng3 c5 17. dxe5 dxe5 18. Nd5 Nxd5 19. exd5 Nb7 20. f5 Nd6 21. c4 Rfe8
22. Rf1 b5 23. Ne4 Nxe4 24. Bxe4 bxc4 25. Qe2 Qd6 26. bxc4 Rb8 27. g5 Rb4 28.
Rc1 Reb8 29. gxh6 Bf8 30. fxg6+ fxg6 31. Bg5 R4b7 32. Rf6 Qd8 33. Rxg6 1-0

[Event "III Festival A"]
[Site "Bisaccia ITA"]
[Date "2011.06.03"]
[Round "2"]
[White "Santeramo, Domenico"]
[Black "Santeramo, Alessia Carmen"]
[Result "1-0"]
[WhiteElo "1994"]
[BlackElo "1667"]
[PlyCount "89"]
[EventDate "2011.06.02"]

1. e4 c5 2. Nf3 e6 3. d4 cxd4 4. Nxd4 a6 5. c4 Nf6 6. Bd3 Nc6 7. Be3 Qc7 8. Nd2
b6 9. a3 Bc5 10. N2b3 Nxd4 11. Nxd4 Bb7 12. b4 Bxd4 13. Bxd4 e5 14. Be3 Bxe4
15. Bxe4 Nxe4 16. Qd5 Qc6 17. Qxe5+ Qe6 18. Qxg7 O-O-O 19. Qd4 Kc7 20. Rd1 Rhg8
21. f3 Nf6 22. Qf4+ Kb7 23. Rd6 Qxe3+ 24. Qxe3 Rge8 25. Kf2 Rxe3 26. Kxe3 Re8+
27. Kf2 Re6 28. Rhd1 Kc7 29. c5 bxc5 30. bxc5 a5 31. g4 h6 32. h4 a4 33. g5
hxg5 34. hxg5 Nh7 35. Rxd7+ Kc6 36. Rxf7 Nxg5 37. Rf5 Nh7 38. Rd4 Re7 39. Rxa4
Kb5 40. Rb4+ Kc6 41. Rb6+ Kc7 42. a4 Kc8 43. a5 Ra7 44. c6 Rc7 45. Rb7 1-0

[Event "III Festival A"]
[Site "Bisaccia ITA"]
[Date "2011.06.02"]
[Round "2"]
[White "Sellitti, Luca"]
[Black "Fiore, Mario"]
[Result "0-1"]
[WhiteElo "1971"]
[BlackElo "2232"]
[PlyCount "97"]
[EventDate "2011.06.02"]

1. e4 e6 2. d4 d5 3. Nd2 Nc6 4. Ngf3 Nf6 5. e5 Nd7 6. b3 f6 7. Bb2 fxe5 8. dxe5
g6 9. Bb5 Bg7 10. Qe2 O-O 11. Bxc6 bxc6 12. h4 h6 13. Rh3 c5 14. Qd3 Qe8 15.
O-O-O a5 16. Rg3 Rf5 17. h5 g5 18. Re1 a4 19. c4 c6 20. cxd5 cxd5 21. Nf1 Ba6
22. Qe3 axb3 23. axb3 Bxf1 24. Rxf1 Qxh5 25. Rh3 Qg4 26. Kb1 Qxg2 27. Rfh1 Raf8
28. R1h2 Qg4 29. Rg3 Qe4+ 30. Qxe4 dxe4 31. Nd2 Rxf2 32. Rxf2 Rxf2 33. Nxe4
Rxb2+ 34. Kxb2 Bxe5+ 35. Rc3 Kf7 36. Nd6+ Bxd6 37. Kc2 g4 38. Re3 Ke7 39. Re1
h5 40. Rf1 e5 41. Kd3 Ke6 42. Ke3 Nf6 43. Rh1 e4 44. Rh4 Kf5 45. Rh1 Bf4+ 46.
Ke2 Be5 47. Rc1 Bd4 48. Rc4 Nd5 49. Ra4 0-1

[Event "III Festival A"]
[Site "Bisaccia ITA"]
[Date "2011.06.03"]
[Round "2"]
[White "Stromboli, Ettore"]
[Black "Consalvo, Gerardo"]
[Result "1-0"]
[WhiteElo "2297"]
[BlackElo "2004"]
[PlyCount "67"]
[EventDate "2011.06.02"]

1. b3 Nf6 2. Bb2 d5 3. f4 g6 4. Nf3 Bg7 5. e3 O-O 6. Be2 c5 7. O-O Nc6 8. Ne5
Qc7 9. Bf3 Nd7 10. Nxc6 Qxc6 11. Bxg7 Kxg7 12. c4 Qf6 13. Nc3 dxc4 14. bxc4 Nb6
15. Qb3 Qe6 16. Bd5 Nxd5 17. cxd5 Qd7 18. Rac1 b6 19. d4 Ba6 20. dxc5 Bxf1 21.
c6 Qd6 22. Rxf1 e6 23. Qb2 f6 24. e4 exd5 25. exd5 Rad8 26. Qf2 Rf7 27. Rd1 Qb4
28. Qd4 Qxd4+ 29. Rxd4 Rc7 30. Nb5 Rcc8 31. Nxa7 Ra8 32. c7 Re8 33. d6 Rxa7 34.
d7 1-0

[Event "III Festival A"]
[Site "Bisaccia ITA"]
[Date "2011.06.03"]
[Round "2"]
[White "Vargiu, Antonio"]
[Black "Vena, Antonio"]
[Result "0-1"]
[WhiteElo "1841"]
[BlackElo "1774"]
[PlyCount "64"]
[EventDate "2011.06.02"]

1. e4 d6 2. d4 Nf6 3. Nc3 g6 4. h3 Bg7 5. Nf3 Nbd7 6. Be2 O-O 7. Bg5 c6 8. O-O
Qc7 9. Qd2 e5 10. Bh6 b5 11. a3 a6 12. Bxg7 Kxg7 13. Rfe1 Bb7 14. b4 exd4 15.
Qxd4 c5 16. Qe3 Rfe8 17. Rad1 Nxe4 18. Nxe4 Rxe4 19. Qc3+ Kg8 20. Bd3 Rxe1+ 21.
Rxe1 Bxf3 22. Bxg6 hxg6 23. Qxf3 Rc8 24. Re7 Ne5 25. Qf6 Qd8 26. f4 Qf8 27.
fxe5 dxe5 28. Rxe5 cxb4 29. axb4 Qxb4 30. Qxa6 Rxc2 31. Qxb5 Rc1+ 32. Kh2 Qf4+
0-1

[Event "III Festival A"]
[Site "Bisaccia ITA"]
[Date "2011.06.03"]
[Round "2"]
[White "Zinnai, Graziano Matteo"]
[Black "Franciosi, Claudio"]
[Result "1-0"]
[WhiteElo "1836"]
[BlackElo "1710"]
[PlyCount "81"]
[EventDate "2011.06.02"]

1. e4 e5 2. Nf3 Nc6 3. d3 Nf6 4. c3 Bc5 5. b4 Bb6 6. b5 Ne7 7. Nxe5 d6 8. Nf3
O-O 9. Be2 c5 10. Nbd2 Ba5 11. Bb2 Qb6 12. a4 a6 13. Qb3 Ng4 14. Nc4 Qd8 15.
Nxa5 Qxa5 16. O-O Be6 17. c4 Qd8 18. h3 Nf6 19. Bxf6 gxf6 20. d4 Ng6 21. Qe3
Kh8 22. Qh6 Rg8 23. Kh1 cxd4 24. Nxd4 Ne5 25. Nxe6 fxe6 26. Qe3 Qc7 27. f4 Qg7
28. Rf2 Ng6 29. Rd1 Rad8 30. Bh5 a5 31. Bxg6 Qxg6 32. f5 Qh5 33. Qf3 Qh4 34.
Kh2 Rg7 35. g3 Qh6 36. c5 Rdg8 37. cxd6 Rxg3 38. Qxg3 Rxg3 39. Kxg3 Qg7+ 40.
Kh2 Qd7 41. Rc2 1-0

[Event "III Festival A"]
[Site "Bisaccia ITA"]
[Date "2011.06.03"]
[Round "3"]
[White "Aleksic, Nenad"]
[Black "Franciosi, Fausto"]
[Result "1/2-1/2"]
[WhiteElo "2355"]
[BlackElo "2054"]
[PlyCount "118"]
[EventDate "2011.06.02"]

1. e4 d6 2. d4 Nf6 3. Nc3 e5 4. Nf3 Nbd7 5. Bc4 Be7 6. O-O O-O 7. Re1 c6 8. a4
b6 9. d5 cxd5 10. Nxd5 Nxd5 11. Bxd5 Rb8 12. Qd3 Nf6 13. Bc4 Bb7 14. Bg5 Nd7
15. Bxe7 Qxe7 16. Rad1 Nc5 17. Qxd6 Qxd6 18. Rxd6 Bxe4 19. b4 Nb7 20. Re2 Bxf3
21. gxf3 Nd8 22. Bd3 Re8 23. f4 e4 24. Rd4 Rc8 25. Rexe4 Rxe4 26. Rxe4 Kf8 27.
Bc4 a5 28. bxa5 bxa5 29. Bb3 Ne6 30. Re5 Nc5 31. Kg2 Nxb3 32. cxb3 Rb8 33. Re3
f5 34. Re5 g6 35. Rxa5 Rxb3 36. Ra7 Kg8 37. a5 Rd3 38. a6 Kh8 39. Kf1 Ra3 40.
Ke1 Kg8 41. Kd1 h5 42. h4 Kf8 43. Kc1 Ke8 44. Kb1 Ra5 45. Kb2 Kd8 46. Kb3 Kc8
47. Kb4 Ra1 48. Kb5 Rb1+ 49. Kc6 Rc1+ 50. Kd6 Kb8 51. Rb7+ Ka8 52. Rb6 Ka7 53.
Rc6 Re1 54. Kd5 Re4 55. Rc4 Re2 56. Rc7+ Ka8 57. Rg7 Rxf2 58. Ke5 Rg2 59. Kf6
Rg4 1/2-1/2

[Event "III Festival A"]
[Site "Bisaccia ITA"]
[Date "2011.06.03"]
[Round "3"]
[White "Altini, Daniele"]
[Black "Lazic, Miroljub"]
[Result "0-1"]
[WhiteElo "2256"]
[BlackElo "2471"]
[PlyCount "104"]
[EventDate "2011.06.02"]

1. d4 d6 2. e4 Nf6 3. Nc3 e5 4. dxe5 dxe5 5. Qxd8+ Kxd8 6. Bg5 c6 7. O-O-O+ Ke8
8. f4 Be7 9. h3 h6 10. Bxf6 Bxf6 11. f5 b5 12. Nf3 Nd7 13. g4 a6 14. h4 Be7 15.
Bd3 Bb7 16. g5 Bc5 17. Rde1 Ke7 18. Nd1 Rad8 19. c3 a5 20. Bc2 a4 21. a3 Bb6
22. c4 Bd4 23. Rhf1 hxg5 24. hxg5 f6 25. g6 Nc5 26. Nd2 Rh2 27. Nf3 Rhh8 28.
cxb5 cxb5 29. Nf2 Rd7 30. Nxd4 Rxd4 31. Rh1 Rc8 32. Rh7 Bxe4 33. Rxg7+ Kd6 34.
Nxe4+ Nxe4 35. Rd1 Nc5 36. Rxd4+ exd4 37. Kd2 Ke5 38. Re7+ Kf4 39. g7 d3 40.
Bxd3 Rd8 41. g8=Q Rxg8 42. Bxb5 Rb8 43. Bc4 Rxb2+ 44. Kc3 Rb8 45. Kc2 Rc8 46.
Ra7 Nd7 47. Rxa4 Nb6 48. Rb4 Rxc4+ 49. Kb3 Rxb4+ 50. Kxb4 Kxf5 51. Kb5 Nd5 52.
Kc4 Ke5 0-1

[Event "III Festival A"]
[Site "Bisaccia ITA"]
[Date "2011.06.03"]
[Round "3"]
[White "Buiano, Fabio"]
[Black "Zinnai, Graziano Matteo"]
[Result "1-0"]
[WhiteElo "2108"]
[BlackElo "1836"]
[PlyCount "97"]
[EventDate "2011.06.02"]

1. e4 c6 2. d4 d5 3. Nd2 dxe4 4. Nxe4 Bf5 5. Ng3 Bg6 6. h4 h6 7. N1e2 Nf6 8.
Nf4 Bh7 9. Bc4 Nd5 10. O-O e6 11. Re1 Be7 12. Bxd5 cxd5 13. Qg4 Bf6 14. Nfh5
O-O 15. Nxg7 Bxg7 16. Nh5 Bg6 17. Nxg7 Kxg7 18. h5 Qf6 19. hxg6 Qxg6 20. Qf4
Qf6 21. Qxf6+ Kxf6 22. Bxh6 Rh8 23. Bf4 Nc6 24. Re3 Kf5 25. Be5 Nxe5 26. Rxe5+
Kf6 27. Rae1 Rac8 28. c3 b5 29. a3 a5 30. f4 b4 31. axb4 axb4 32. R1e3 bxc3 33.
bxc3 Rb8 34. f5 Rb1+ 35. Kf2 Rb2+ 36. Kf3 Rb6 37. fxe6 fxe6 38. g4 Rh3+ 39. Kf4
Rxe3 40. Rxe3 Kg6 41. g5 Rc6 42. Rh3 Rb6 43. Rh6+ Kf7 44. Ke5 Rb1 45. Rf6+ Kg7
46. Rxe6 Rg1 47. Kxd5 Rxg5+ 48. Kd6 Kf7 49. d5 1-0

[Event "III Festival A"]
[Site "Bisaccia ITA"]
[Date "2011.06.03"]
[Round "3"]
[White "Capone, Vincenzo"]
[Black "Altini, Nicola"]
[Result "0-1"]
[WhiteElo "2128"]
[BlackElo "2206"]
[PlyCount "100"]
[EventDate "2011.06.02"]

1. d4 d5 2. c4 c6 3. e3 Nf6 4. Nf3 Bf5 5. Nc3 e6 6. Nh4 Bg4 7. Qb3 b6 8. h3 Bh5
9. g4 Nfd7 10. Ng2 Bg6 11. cxd5 exd5 12. Nxd5 cxd5 13. Qxd5 Bb4+ 14. Bd2 Bxd2+
15. Kxd2 Qe7 16. Rc1 O-O 17. f3 Na6 18. a3 Nac5 19. dxc5 Nxc5 20. Ke1 Rad8 21.
Qc4 Qd6 22. Kf2 Qd2+ 23. Kg3 Qxb2 24. Qc3 Qxc3 25. Rxc3 Rd1 26. Nf4 Rfd8 27.
Bg2 Rxh1 28. Bxh1 Bb1 29. Rc1 Ba2 30. Bg2 Kf8 31. Bf1 Rd2 32. Bc4 g5 33. Nh5
Bxc4 34. Rxc4 Rd3 35. Nf6 h6 36. a4 Ra3 37. h4 gxh4+ 38. Kxh4 Rxe3 39. a5 Rxf3
40. axb6 axb6 41. Nd5 Ne6 42. Rc6 b5 43. Nb6 Kg7 44. Nd5 Ng5 45. Rc3 Rxc3 46.
Nxc3 b4 47. Ne2 Ne4 48. Nd4 Nd2 49. g5 hxg5+ 50. Kxg5 b3 0-1

[Event "III Festival A"]
[Site "Bisaccia ITA"]
[Date "2011.06.03"]
[Round "3"]
[White "Cipollaro, Giovanni"]
[Black "Vena, Antonio"]
[Result "1/2-1/2"]
[WhiteElo "1840"]
[BlackElo "1774"]
[PlyCount "76"]
[EventDate "2011.06.02"]

1. d4 Nf6 2. Nf3 d6 3. g3 g6 4. Bg2 Bg7 5. O-O O-O 6. c4 Nbd7 7. Nc3 e5 8. e4
c6 9. h3 a6 10. Qc2 Rb8 11. Be3 b5 12. dxe5 dxe5 13. c5 Qe7 14. b4 a5 15. a3 a4
16. Rad1 Rd8 17. Rd3 Bb7 18. Rfd1 Re8 19. Qd2 Nf8 20. Rd6 Qc7 21. Bh6 Re6 22.
Bxg7 Kxg7 23. Rxe6 Nxe6 24. Qd6 Rd8 25. Qxc7 Rxd1+ 26. Nxd1 Nxc7 27. Nxe5 Ne6
28. Nc3 Nd4 29. Bf1 Nc2 30. Nb1 Nxe4 31. Bd3 Nxa3 32. Bxe4 Nxb1 33. Bxb1 Bc8
34. Ba2 Be6 35. Bb1 Bd5 36. Kf1 a3 37. Nd3 a2 38. Bxa2 Bxa2 1/2-1/2

[Event "III Festival A"]
[Site "Bisaccia ITA"]
[Date "2011.06.03"]
[Round "3"]
[White "Colucci, Stefano"]
[Black "Cocozza, Mario"]
[Result "0-1"]
[WhiteElo "1925"]
[BlackElo "2345"]
[PlyCount "61"]
[EventDate "2011.06.02"]

1. d4 Nf6 2. c4 g6 3. Nc3 d5 4. cxd5 Nxd5 5. e4 Nxc3 6. bxc3 Bg7 7. Bc4 c5 8.
Ne2 Nc6 9. Be3 O-O 10. Rc1 cxd4 11. cxd4 Qa5+ 12. Kf1 Qa3 13. Qd2 Rd8 14. d5 e6
15. Bb5 Qb4 16. Bxc6 Qxd2 17. Bxd2 bxc6 18. Ba5 Rd6 19. dxc6 Ba6 20. Ke1 f5 21.
f3 fxe4 22. fxe4 Bh6 23. Bb4 Rd3 24. Rc2 Re3 25. Rf1 Rxe4 26. a3 Bd3 27. Rb2
Rc8 28. Bd6 Bc1 29. Ra2 Rxc6 30. Bb4 Bh6 31. Kd1 0-1

[Event "III Festival A"]
[Site "Bisaccia ITA"]
[Date "2011.06.03"]
[Round "3"]
[White "Consalvo, Gerardo"]
[Black "Fiore, Antonio"]
[Result "1/2-1/2"]
[WhiteElo "2004"]
[BlackElo "1742"]
[PlyCount "55"]
[EventDate "2011.06.02"]

1. e4 e6 2. d3 d5 3. Nd2 c5 4. Ngf3 Nc6 5. g3 g6 6. Bg2 Bg7 7. O-O Nge7 8. Re1
O-O 9. Qe2 b6 10. e5 Qc7 11. Nf1 d4 12. h4 h5 13. N1h2 Bb7 14. g4 hxg4 15. Nxg4
Nf5 16. Bf4 Na5 17. Qd2 Rac8 18. Nf6+ Kh8 19. Ne4 c4 20. Nd6 c3 21. bxc3 Nxd6
22. exd6 Qxc3 23. Qxc3 Rxc3 24. Bd2 Rc5 25. Bb4 Rf5 26. Ng5 Bxg2 27. Kxg2 Nc6
28. Ba3 1/2-1/2

[Event "III Festival A"]
[Site "Bisaccia ITA"]
[Date "2011.06.03"]
[Round "3"]
[White "Crafa, Carmine"]
[Black "Altini, Ruggiero"]
[Result "0-1"]
[WhiteElo "1803"]
[BlackElo "1774"]
[PlyCount "42"]
[EventDate "2011.06.02"]

1. e4 c5 2. Nf3 e6 3. d4 cxd4 4. Nxd4 Nf6 5. Nc3 d6 6. Bc4 Be7 7. O-O a6 8. Bb3
O-O 9. Qf3 Qc7 10. Qg3 Nc6 11. Nxc6 bxc6 12. Bh6 Nh5 13. Qg4 Qa5 14. f4 Kh8 15.
e5 gxh6 16. Qxh5 c5 17. Kh1 Bb7 18. Rac1 Rg8 19. Rg1 c4 20. Bxc4 Qc5 21. Qe2
Bh4 0-1

[Event "III Festival A"]
[Site "Bisaccia ITA"]
[Date "2011.06.03"]
[Round "3"]
[White "D'Aquino, Ugo"]
[Black "Coico, Pompeo"]
[Result "1-0"]
[WhiteElo "1941"]
[BlackElo "1608"]
[PlyCount "63"]
[EventDate "2011.06.02"]

1. e4 e6 2. d4 d5 3. Nd2 c5 4. exd5 exd5 5. c3 cxd4 6. cxd4 Bb4 7. a3 Ba5 8. b4
Bc7 9. Bd3 Ne7 10. Ne2 O-O 11. Nf3 Bg4 12. Nf4 a6 13. Bxh7+ Kh8 14. Bc2 Nd7 15.
h3 Bf5 16. Bxf5 Nxf5 17. Nxd5 Re8+ 18. Ne3 Bf4 19. Qd3 Ne5 20. Qxf5 Nxf3+ 21.
gxf3 Qxd4 22. Ra2 Qc4 23. Rc2 Qb3 24. O-O Bxe3 25. fxe3 g6 26. Qf6+ Kg8 27. Bb2
Qxe3+ 28. Rff2 Qh6 29. Rc7 Qh7 30. Rc4 Re6 31. Qc3 Rae8 32. Re4 1-0

[Event "III Festival A"]
[Site "Bisaccia ITA"]
[Date "2011.06.03"]
[Round "3"]
[White "Di Lascio, Savino"]
[Black "Sellitti, Luca"]
[Result "1-0"]
[WhiteElo "1976"]
[BlackElo "1971"]
[PlyCount "107"]
[EventDate "2011.06.02"]

1. Nf3 c5 2. e4 Nc6 3. Bb5 e6 4. O-O Nge7 5. Re1 g6 6. c3 Bg7 7. Na3 O-O 8. Nc2
d5 9. exd5 exd5 10. d4 c4 11. Ne3 Nf5 12. Nxf5 Bxf5 13. Bg5 Qb6 14. Bxc6 bxc6
15. Be7 Rfe8 16. Qd2 Be4 17. Bc5 Qb5 18. Ba3 Qb8 19. Ne5 Bxe5 20. dxe5 Rxe5 21.
f3 Bf5 22. Rxe5 Qxe5 23. Re1 Qc7 24. Bc5 Qd8 25. Qh6 Be6 26. h4 Rb8 27. Bxa7
Rxb2 28. Bd4 Qf8 29. Qg5 c5 30. Be5 f6 31. Bxf6 Rb6 32. Be7 Qf5 33. Qxf5 Bxf5
34. Bxc5 Rb5 35. Bd4 Ra5 36. Ra1 Kf7 37. Kf2 h5 38. Ke3 Ra3 39. Kf4 Bc2 40. Ke5
Bb3 41. Kxd5 Rxa2 42. Rg1 Ra5+ 43. Bc5 Ra2 44. g4 hxg4 45. fxg4 Rh2 46. Rf1+
Kg8 47. Be7 Re2 48. Bf6 Rg2 49. Rf4 Rd2+ 50. Bd4 Re2 51. Rf6 Kh7 52. g5 Bc2 53.
Rf8 Be4+ 54. Kd6 1-0

[Event "III Festival A"]
[Site "Bisaccia ITA"]
[Date "2011.06.03"]
[Round "3"]
[White "Fezza, Davide"]
[Black "Santeramo, Domenico"]
[Result "1-0"]
[WhiteElo "2141"]
[BlackElo "1994"]
[PlyCount "95"]
[EventDate "2011.06.02"]

1. e4 e6 2. d4 d5 3. Nd2 Nf6 4. e5 Nfd7 5. c3 c5 6. Bd3 Nc6 7. Ne2 f6 8. Nf4
Qe7 9. exf6 Nxf6 10. dxc5 e5 11. Nh5 e4 12. Bb5 Ng4 13. Nb3 Qf7 14. Nf4 Nf6 15.
O-O Bd7 16. Be3 Be7 17. f3 O-O 18. fxe4 dxe4 19. Nd2 Ne5 20. Bxd7 Nexd7 21. b4
Ne5 22. Qc2 Nc4 23. Nxc4 Qxc4 24. Qb3 Qxb3 25. axb3 a6 26. h3 Rfd8 27. Rfd1 Kf7
28. c4 Nd7 29. Nd5 Bf6 30. Bd4 Rac8 31. Bxf6 Nxf6 32. Kf2 Ke6 33. Nc3 Ke5 34.
Ke3 h5 35. Rxd8 Rxd8 36. Rd1 Rxd1 37. Nxd1 g5 38. Nc3 g4 39. b5 axb5 40. Nxb5
gxh3 41. gxh3 Nd7 42. b4 Nb8 43. Na7 Na6 44. c6 b6 45. b5 Nc7 46. Nc8 h4 47.
Nxb6 Kd6 48. Nc8+ 1-0

[Event "III Festival A"]
[Site "Bisaccia ITA"]
[Date "2011.06.03"]
[Round "3"]
[White "Fiore, Mario"]
[Black "Kizov, Atanas"]
[Result "1/2-1/2"]
[WhiteElo "2232"]
[BlackElo "2392"]
[PlyCount "65"]
[EventDate "2011.06.02"]

1. e4 e5 2. Nf3 Nc6 3. Nc3 Nf6 4. Bb5 Bd6 5. d3 h6 6. O-O O-O 7. Ne2 a6 8. Ba4
b5 9. Bb3 Re8 10. c3 Bf8 11. Ng3 Na5 12. Bc2 d5 13. Qe2 c5 14. Rd1 g6 15. b4
cxb4 16. cxb4 Nc6 17. a3 Be6 18. Bb3 Rc8 19. Bb2 d4 20. Bxe6 Rxe6 21. h3 Nd7
22. Nh2 Nb6 23. Rf1 Na4 24. Bc1 Nc3 25. Qg4 Bg7 26. h4 h5 27. Qh3 a5 28. Nf3
axb4 29. Ng5 Rf6 30. axb4 Nxb4 31. Bd2 Nc6 32. f4 exf4 33. Bxf4 1/2-1/2

[Event "III Festival A"]
[Site "Bisaccia ITA"]
[Date "2011.06.03"]
[Round "3"]
[White "Franciosi, Claudio"]
[Black "Festa, Salvatore"]
[Result "1-0"]
[WhiteElo "1710"]
[BlackElo "1650"]
[PlyCount "106"]
[EventDate "2011.06.02"]

1. e4 c6 2. d4 d5 3. exd5 cxd5 4. c4 Nf6 5. Nc3 e6 6. Bg5 dxc4 7. Bxc4 Be7 8.
Nf3 O-O 9. O-O a6 10. d5 b5 11. Bb3 exd5 12. Nxd5 Bb7 13. Nxe7+ Qxe7 14. Re1
Qd8 15. Qxd8 Rxd8 16. Re7 Nbd7 17. Bxf6 gxf6 18. Rxf7 Kh8 19. Re1 Bxf3 20. gxf3
Ne5 21. Rxf6 Re8 22. Rd1 Ra7 23. Kf1 Kg7 24. Rf4 Ng6 25. Rfd4 Ree7 26. f4 Nh4
27. R4d3 Rac7 28. Rg3+ Kf6 29. Rc3 Kf5 30. Bc2+ Kf6 31. Rd6+ Kf7 32. Rh6 Rxc3
33. bxc3 Nf3 34. Rxh7+ Kf6 35. Rxe7 Kxe7 36. h3 Nd2+ 37. Ke2 Nc4 38. a4 bxa4
39. Bxa4 a5 40. Bb3 Nd6 41. Kd3 Kf6 42. Bc2 Kf5 43. Ke3+ Kf6 44. h4 Nb5 45. c4
Nc7 46. h5 Ne6 47. h6 Nc5 48. h7 Kg7 49. Kd4 Ne6+ 50. Ke5 Nc5 51. Kd5 Nd7 52.
c5 Nf6+ 53. Kc4 Nh5 1-0

[Event "III Festival A"]
[Site "Bisaccia ITA"]
[Date "2011.06.03"]
[Round "3"]
[White "Laketic, Gojko"]
[Black "Della Corte, Alessandro"]
[Result "1-0"]
[WhiteElo "2442"]
[BlackElo "2253"]
[PlyCount "79"]
[EventDate "2011.06.02"]

1. d4 d5 2. c4 c6 3. Nf3 Nf6 4. Qc2 dxc4 5. Qxc4 Bf5 6. Nc3 Nbd7 7. g3 e6 8.
Bg2 Be7 9. O-O O-O 10. Re1 Ne4 11. Qb3 Qb6 12. Nh4 Bxh4 13. gxh4 Ndf6 14. Nxe4
Bxe4 15. Qxb6 axb6 16. f3 Bd5 17. a3 Rfd8 18. e4 Bc4 19. Be3 Ne8 20. Rac1 Bb5
21. Rc3 Kf8 22. Ra1 h6 23. b3 Ba6 24. Kf2 Ke7 25. Rcc1 Nd6 26. a4 b5 27. Bd2
bxa4 28. bxa4 Ke8 29. Bc3 f6 30. Rd1 Kf7 31. Bb4 g5 32. hxg5 hxg5 33. h4 gxh4
34. Rh1 Nc4 35. Rxh4 Rxd4 36. Rh7+ Kg6 37. Rah1 Ne5 38. R7h6+ Kg5 39. Be7 Ng6
40. Kg3 1-0